Engaging with citizens to improve service (Record no. 495301)

000 -LEADER
fixed length control field 00411cam a22001337a 4500
008 - FIXED-LENGTH DATA ELEMENTS--GENERAL INFORMATION
fixed length control field 180718b2007 xxu||||| |||| 00| 0 eng d
082 ## - DEWEY DECIMAL CLASSIFICATION NUMBER
Classification number B3x54 M474e
100 ## - MAIN ENTRY--PERSONAL NAME
Personal name Metha, Anjana
245 ## - TITLE STATEMENT
Title Engaging with citizens to improve service
Statement of responsibility, etc. by Anjana Metha
260 ## - PUBLICATION, DISTRIBUTION, ETC.
Place of publication, distribution, etc. New Delhi
Name of publisher, distributor, etc. Water and Sanitation Program
Date of publication, distribution, etc. 2007
300 ## - PHYSICAL DESCRIPTION
Extent 184p.
650 ## - SUBJECT ADDED ENTRY--TOPICAL TERM
Topical term or geographic name entry element Public utilities -Government policy
650 ## - SUBJECT ADDED ENTRY--TOPICAL TERM
Topical term or geographic name entry element Public utilities
Holdings
Withdrawn status Lost status Damaged status Not for loan Permanent Location Current Location Date acquired Full call number Barcode Date last seen Price effective from Koha item type
        Indian Institute of Public Administration Indian Institute of Public Administration 2018-08-04 B3x54 M474e GR18434 2018-08-04 2018-08-04 GR

Powered by Koha